| 000 | 00772nam a22002417a 4500 | ||
|---|---|---|---|
| 999 |
_c4746 _d4746 |
||
| 003 | AR-CdUCM | ||
| 008 | 190311b ||||| |||| 00| 0 spa d | ||
| 040 |
_aMUNICIPALIDAD PROVINCIAL DEL CUSCO _cBIBLIOTECA MUNICIPAL DEL CUSCO |
||
| 082 |
_a869.624 / _bR696 |
||
| 100 |
_aRodriguez Castelo, Hernan _914691 |
||
| 245 | _aTeatro ecuatoriano / | ||
| 260 |
_aQuito : _bAriel. |
||
| 300 |
_a171 páginas ; _c17 cm. |
||
| 440 |
_aClásicos Ariel _n36 _914692 |
||
| 500 | _aDonación familia Luis Nieto | ||
| 505 | _aContenido: Paralelogramo -- Velorio del Albañil -- La furiosa manzanera. | ||
| 650 |
_aTeatro ecuatoriano _911916 |
||
| 650 |
_aDrama _9560 |
||
| 650 |
_aVelorio _914693 |
||
| 700 |
_aRivas Mariscal, Tomás _914694 |
||
| 942 |
_2ddc _cLIBROS |
||
| 945 | _adavv | ||